00582cam a22002051a 4500001001300000003000400013005001700017008004100034010001700075035001900092040002700111042001200138050002100150100003200171245005300203260003600256300003000292500003700322999001700359f 01000366 DLC20260227111237.0810914s1885 fr 000 1 fre  af 01000366  a(OCoLC)7757909 aDLCcNcWsWdNcWsWdDLC apremarc00aPQ2315b.R4 18851 aKarr, Alphonse,d1808-1890.13aLe règne des champignons /cpar Alphonse Karr. aParis :bCalmann Lévy,c1885. a2 p. l., 374 p. ;c19 cm. aHalf-title: Œuvres complètes. c22416d22416